000 00868nam a22002297a 4500
005 20121207120650.0
008 121207t xxu||||| |||| 00| 0 eng d
010 _aENG-106282
020 _a9788184841824
_c1680.00
035 _aEN-89815
037 _bDBAD/PUB
040 _aDPL
_bEng
082 _a658.827
100 _954009
_aBhatia, Mukesh
245 _aStrategic brand management :
_cby Mukesh Bhatia
_ba process of growing strengthening brands /
260 _aNew Delhi
_bRegal Publications
_c2012
270 _aF-159 Rajouri Garden
_bNew Delhi
_e110027
300 _axii,444p.
_c23cm(Hb)
500 _aIncludes bibliographical references and index
942 _2ddc
_cEN
_mBHA
_h658.827
999 _c71938
_d71938